|
|
|
|
| LEADER |
00000nam0a2200000 4500 |
| 001 |
227349 |
| 005 |
20231101230808.0 |
| 035 |
|
|
|a (RuTPU)RU\TPU\book\247769
|
| 090 |
|
|
|a 227349
|
| 100 |
|
|
|a 20121205d1973 k y0rusy50 ca
|
| 101 |
0 |
|
|a rus
|
| 102 |
|
|
|a RU
|
| 105 |
|
|
|a a z 001zy
|
| 200 |
1 |
|
|a Проблемы газометрии скважин
|f О. А. Черемисинов
|
| 210 |
|
|
|a Москва
|c Недра
|d 1973
|
| 215 |
|
|
|a 214 с.
|c ил.
|
| 320 |
|
|
|a Библиогр.: с. 206-212.
|
| 606 |
1 |
|
|a Нефтегазоносность
|2 stltpush
|3 (RuTPU)RU\TPU\subj\45590
|9 64783
|
| 610 |
1 |
|
|a разведочные скважины
|
| 610 |
1 |
|
|a разведочное бурение
|
| 610 |
1 |
|
|a горные породы
|
| 610 |
1 |
|
|a природные газы
|
| 610 |
1 |
|
|a газометрические методы
|
| 610 |
1 |
|
|a методика
|
| 610 |
1 |
|
|a нефтегазовые месторождения
|
| 675 |
|
|
|a 553.98
|v 3
|
| 700 |
|
1 |
|a Черемисинов
|b О. А.
|
| 801 |
|
1 |
|a RU
|b 63413507
|c 20121205
|
| 801 |
|
2 |
|a RU
|b 63413507
|c 20140926
|g RCR
|
| 942 |
|
|
|c BK
|